Pixelated Paintings Quiz Stats

 Plays Quiz Updated Oct 16, 2018

Score 0/15 Timer 05:00
1 Play Today
Painter/title % Correct
Leonardo da Vinci - Mona Lisa
99.4%
Edvard Munch - The Scream
90.8%
Vincent van Gogh - Self-Portrait
87.7%
Johannes Vermeer - Girl with a Pearl Earring
76.4%
Grant Wood - American Gothic
63.2%
Sandro Botticelli - The Birth of Venus
58.4%
James McNeill Whistler - Arrangement in Grey and Black No.1
54.6%
Pablo Picasso - The Old Guitarist
50.3%
Painter/title % Correct
Edgar Degas - L'etoile
43.6%
René Magritte - The Son of Man
42%
Georgia O'Keeffe - Red Poppy, 1927
32%
Jan van Eyck - Arnolfini Portrait
26.6%
Gustav Klimt - Portrait Of Adele Bloch Bauer II
24.6%
Henri Matisse - Woman with a Hat
24.1%
Jacques-Louis David - The Death of Marat
23.4%

You're not logged in!

Compare scores with friends on all Sporcle quizzes.
OR
Log In

You Might Also Like...

Show Comments

Extras

Top Quizzes Today


Score Distribution

Your Account Isn't Verified!

In order to create a playlist on Sporcle, you need to verify the email address you used during registration. Go to your Sporcle Settings to finish the process.

Report this User

Report this user for behavior that violates our Community Guidelines.

Details: